Vista normal Vista MARC

Entrada Personal Name

Número de registros utilizados en: 1

001 - CONTROL NUMBER

  • control field: 4836

003 - CONTROL NUMBER IDENTIFIER

  • control field: OSt

005 - DATE AND TIME OF LATEST TRANSACTION

  • control field: 20200529114812.0

008 - FIXED-LENGTH DATA ELEMENTS

  • fixed length control field: 200529|| aca||aabn | a|a d

040 ## - CATALOGING SOURCE

  • Original cataloging agency: OSt
  • Transcribing agency: OSt

100 ## - HEADING--PERSONAL NAME

  • Personal name: Florez, Luis Bernardo,

670 ## - SOURCE DATA FOUND

  • Source citation: Work cat.: (OSt)5312: Wonnacott, Paul, autor 4826, Economía / , ©1981